Specifier (Record no. 80006)

MARC details
000 -LEADER
fixed length control field 00875cab a22001935a 4500
001 - CONTROL NUMBER
control field L142999
008 - FIXED-LENGTH DATA ELEMENTS--GENERAL INFORMATION
fixed length control field 080401e20080320xxkao f 000 0 eng d
035 ## - SYSTEM CONTROL NUMBER
System control number (Sirsi) u142999
041 0# - LANGUAGE CODE
Language code of text/sound track or separate title eng
100 1# - MAIN ENTRY--PERSONAL NAME
Personal name Stothart, Chloe
245 00 - TITLE STATEMENT
Title Specifier
Remainder of title healthcare and education
-- too cool for school?
260 ## - PUBLICATION, DISTRIBUTION, ETC.
Date of publication, distribution, etc. 2008
490 #0 - SERIES STATEMENT
Series statement Building
Volume/sequential designation 273(8520) 20 March 2008, 70-71(2)
520 ## - SUMMARY, ETC.
Summary, etc. Reports on the use of Interseasonal Heat Transfer (IHT) in the Howe Dell school and children's centre project. The demonstration project was commissioned by Hertfordshire council to test eco-friendly systems that could be used in other schools. Explains how IHT heats and cools the school, its suitability to large buildings, and its cost and other advantages.
590 ## - LOCAL NOTE (RLIN)
Local note KA
651 #4 - SUBJECT ADDED ENTRY--GEOGRAPHIC NAME
Geographic name United Kingdom
Chronological subdivision
690 ## - LOCAL SUBJECT ADDED ENTRY--TOPICAL TERM (OCLC, RLIN)
Topical term or geographic name as entry element BUILT ENVIRONMENT-SUSTAINABLE CONSTRUCTION
942 ## - ADDED ENTRY ELEMENTS (KOHA)
Suppress in OPAC 0
Holdings
Withdrawn status Lost status Source of classification or shelving scheme Damaged status Not for loan Home library Current library Shelving location Date acquired Total Checkouts Full call number Barcode Date last seen Copy number Price effective from Koha item type
    Dewey Decimal Classification     London London Journal article 01/04/2008   L142999 142999-1001 06/08/2019 1 06/08/2019 Journal article